000 00414nam a22001337a 4500
005 20180101115748.0
008 180101b xxu||||| |||| 00| 0 eng d
040 _cPK-LaUMT
082 _aPKAC 320.95491
_bGOV-
245 _aGovernment and administration in Pakistan/
_cJameelur Rehman Khan(Editor)
260 _aIslamabad:
_bPakistan public administration research centre,
_c1987
300 _a876 p.
942 _cBK
999 _c101217
_d101217